| 000 | 00634nam a2200241Ia 4500 | ||
|---|---|---|---|
| 003 | OSt | ||
| 005 | 20221007104659.0 | ||
| 006 | a|||||r|||| 00| 0 | ||
| 007 | ta | ||
| 008 | 221006b |||||||| |||| 00| 0 eng d | ||
| 024 | _a16,533 | ||
| 037 | _cTextual | ||
| 040 |
_aLCO _cLCO _beng |
||
| 041 |
_2eng _aeng |
||
| 082 | _aZ2,557, L0 | ||
| 100 |
_aMisra Anand Swarup _9635477 |
||
| 245 | 0 | _aLaw of Bias and Mala Fides | |
| 260 |
_aLucknow _bEastern Book Company India _c1970 |
||
| 300 | _a274 | ||
| 650 |
_aBIAS LAW _9706252 |
||
| 942 |
_hZ2,557, L0 _cTEXL |
||
| 999 |
_c1186096 _d1186096 |
||